| 000 | 00922nam a22002777a 4500 | ||
|---|---|---|---|
| 001 | BR7375578 | ||
| 003 | BR-BrBNA | ||
| 005 | 20230928084429.0 | ||
| 007 | ta | ||
| 008 | 230509b bl.||||| |||| 00| 0 por d | ||
| 040 |
_aBR-BrBNA _bpor _cBiblioteca Nacional de Agricultura |
||
| 041 | _a(Por) | ||
| 072 | _aE10 | ||
| 090 | _ E10 BR7375578 | ||
| 100 | 1 | _aMello, M.D.H. de | |
| 110 | 1 | _aSecretaria da Agricultura, Sao Paulo, SP (Brasil). Div. de Economia Rural | |
| 245 | 1 | _aQual o lavrador que esta em condicoes de receber credito de custeio? | |
| 260 | 3 |
_aSao Paulo, SP (Brasil): _c1947. |
|
| 300 | _avp. | ||
| 500 | _aReprint of "Colheitas e Mercados" v. 3(11/12)Nov./Dec. 1947. (*) Documento disponível na(o) Instituto de Economia Agricola, Sao Paulo, SP (Brazil) | ||
| 650 | _aTRABALHADOR RURAL | ||
| 650 | _aCREDITO | ||
| 650 | _aFINANCIAMENTO | ||
| 909 |
_a202309 _bLucia _c55 _dLucia Elande |
||
| 942 | _cBK | ||
| 999 |
_c18916 _d18916 |
||